Using a regression model to determine the role of organizational factors: A case of sales forecasting
Metodologické, situačné, organizačné a osobné faktory predpovedacej schopnosti.
Guardado en:
| Autor principal: | |
|---|---|
| Formato: | Capítulo de libro |
| Lenguaje: | inglés |
| Materias: | |
| Etiquetas: |
Sin Etiquetas, Sea el primero en etiquetar este registro!
|
MARC
| LEADER | 00000naa a2200000 4500 | ||
|---|---|---|---|
| 001 | 0214625 | ||
| 005 | 20230803102408.1 | ||
| 041 | 0 | |a eng | |
| 044 | |a CZ | ||
| 245 | 1 | 0 | |a Using a regression model to determine the role of organizational factors: A case of sales forecasting |c Jiří Šindelář |
| 520 | |a Metodologické, situačné, organizačné a osobné faktory predpovedacej schopnosti. | ||
| 610 | 2 | 0 | |a správanie organizačné |
| 610 | 2 | 0 | |a riadenie výkonov |
| 610 | 2 | 0 | |a ukazovatele výkonnosti |
| 610 | 2 | 0 | |a modely regresné |
| 610 | 2 | 0 | |a odbyt |
| 100 | 1 | |a Šindelář, Jiří | |